000
00294nam a2200121Ia 4500
008
190722s9999 xx 000 0 und d
020
_a
978-93-325-5950-9
100
_a
Luis R.Gomez Mejia
245
0
_a
Managing Human Resources
260
_a
India
_b
Pearson
_c
2016
300
_a
591
942
_c
BK
999
_c
769
_d
769